| 000 | 00417nam a2200157Ia 4500 | ||
|---|---|---|---|
| 008 | 231217s9999 xx 000 0 und d | ||
| 020 | _a8178813858 | ||
| 041 | _aEnglish | ||
| 082 | _a658.3 SUM1;1 R | ||
| 100 | _aSumati Reddy ed. | ||
| 245 | 0 | _aVirtual teams : contemporary insights | |
| 260 |
_c2004 _bIcfai _aHyderabad |
||
| 300 | _axi+185+A15 | ||
| 650 | _aVirtual,teams,contemporary,insights | ||
| 942 | _cAA | ||
| 999 |
_c191787 _d191787 |
||